<?xml version='1.0' encoding='UTF-8'?>
  <record xmlns="http://www.loc.gov/MARC21/slim">
    <leader>00000cam a22000007i 4500</leader>
    <controlfield tag="001">ocm54171536</controlfield>
    <controlfield tag="003">OCoLC</controlfield>
    <controlfield tag="005">20250922204859.3</controlfield>
    <controlfield tag="008">940709s1558    fr a          000 0 fre d</controlfield>
    <datafield tag="040" ind1=" " ind2=" ">
      <subfield code="a">YUS</subfield>
      <subfield code="b">eng</subfield>
      <subfield code="e">rda</subfield>
      <subfield code="e">dcrmr</subfield>
      <subfield code="c">YUS</subfield>
      <subfield code="d">OCLCG</subfield>
      <subfield code="d">E8W</subfield>
      <subfield code="d">OCLCO</subfield>
      <subfield code="d">OCLCF</subfield>
      <subfield code="d">OCLCQ</subfield>
      <subfield code="d">OCL</subfield>
      <subfield code="d">OCLCO</subfield>
      <subfield code="d">OCL</subfield>
      <subfield code="d">OCLCA</subfield>
      <subfield code="d">OCL</subfield>
      <subfield code="d">OCLCO</subfield>
      <subfield code="d">QGJ</subfield>
      <subfield code="d">OCL</subfield>
      <subfield code="d">OCLCQ</subfield>
      <subfield code="d">OCLCO</subfield>
      <subfield code="d">OCLCL</subfield>
      <subfield code="d">OCLCO</subfield>
    </datafield>
    <datafield tag="035" ind1=" " ind2=" ">
      <subfield code="a">(OCoLC)54171536</subfield>
    </datafield>
    <datafield tag="043" ind1=" " ind2=" ">
      <subfield code="a">s-bl---</subfield>
      <subfield code="a">n------</subfield>
      <subfield code="a">s------</subfield>
    </datafield>
    <datafield tag="082" ind1="0" ind2="4">
      <subfield code="a">970.01</subfield>
      <subfield code="q">OCoLC</subfield>
      <subfield code="2">19/eng/20230216</subfield>
      <subfield code="1">https://id.oclc.org/worldcat/ddc/E3vPW3tJTBjYhVHQXbyCWVHdBQ</subfield>
    </datafield>
    <datafield tag="100" ind1="1" ind2=" ">
      <subfield code="a">Thevet, André,</subfield>
      <subfield code="d">1502-1590,</subfield>
      <subfield code="e">author.</subfield>
      <subfield code="4">aut</subfield>
      <subfield code="1">https://id.oclc.org/worldcat/entity/E39PBJbM47cJCDk94gHgjTkRrq</subfield>
    </datafield>
    <datafield tag="245" ind1="1" ind2="4">
      <subfield code="a">Les singularitez de la France Antarctique, autrement nommée Amerique, :</subfield>
      <subfield code="b">&amp; de plusieurs Terres &amp; Isles decouvertes de nostre temps. /</subfield>
      <subfield code="c">Par F. André Theuet, natif d'Angoulesme.</subfield>
    </datafield>
    <datafield tag="246" ind1="3" ind2=" ">
      <subfield code="a">Singvlaritez de la France Antarctiqve, avtrement nommée Amerique</subfield>
    </datafield>
    <datafield tag="264" ind1=" " ind2="1">
      <subfield code="a">A Paris, :</subfield>
      <subfield code="b">Chez les heritiers de Maurice de la Porte, au Clos Bruneau, à l'enseigne S. Claude.,</subfield>
      <subfield code="c">1558.</subfield>
    </datafield>
    <datafield tag="300" ind1=" " ind2=" ">
      <subfield code="a">8 preliminary leaves, 166 leaves, [4] pages :</subfield>
      <subfield code="b">illustrations ;</subfield>
      <subfield code="c">21 cm (4to)</subfield>
    </datafield>
    <datafield tag="336" ind1=" " ind2=" ">
      <subfield code="a">text</subfield>
      <subfield code="b">txt</subfield>
      <subfield code="2">rdacontent</subfield>
    </datafield>
    <datafield tag="337" ind1=" " ind2=" ">
      <subfield code="a">unmediated</subfield>
      <subfield code="b">n</subfield>
      <subfield code="2">rdamedia</subfield>
    </datafield>
    <datafield tag="338" ind1=" " ind2=" ">
      <subfield code="a">volume</subfield>
      <subfield code="b">nc</subfield>
      <subfield code="2">rdacarrier</subfield>
    </datafield>
    <datafield tag="340" ind1=" " ind2=" ">
      <subfield code="m">4to</subfield>
      <subfield code="2">rdabf</subfield>
    </datafield>
    <datafield tag="500" ind1=" " ind2=" ">
      <subfield code="a">Woodcut armorial of the dedicatee, the Cardinal de Sens, on title page; initials; printed marginalia; head-pieces.</subfield>
    </datafield>
    <datafield tag="500" ind1=" " ind2=" ">
      <subfield code="a">Signatures: ã⁸ a-z⁴ A-T⁴.</subfield>
    </datafield>
    <datafield tag="500" ind1=" " ind2=" ">
      <subfield code="a">Paging errors: 135 misnumbered 125.</subfield>
    </datafield>
    <datafield tag="510" ind1="4" ind2=" ">
      <subfield code="a">French vernacular books,</subfield>
      <subfield code="c">49231</subfield>
    </datafield>
    <datafield tag="510" ind1="4" ind2=" ">
      <subfield code="a">Sabin, J. Dictionary of books relating to America from its discovery to the present time,</subfield>
      <subfield code="c">95339</subfield>
    </datafield>
    <datafield tag="510" ind1="4" ind2=" ">
      <subfield code="a">Moraes, R.B. de. Bibliographia brasiliana (1983 edition),</subfield>
      <subfield code="c">p. 857-858</subfield>
    </datafield>
    <datafield tag="510" ind1="4" ind2=" ">
      <subfield code="a">European Americana,</subfield>
      <subfield code="c">558/40</subfield>
    </datafield>
    <datafield tag="600" ind1="1" ind2="0">
      <subfield code="a">Thevet, André,</subfield>
      <subfield code="d">1502-1590</subfield>
      <subfield code="x">Travel</subfield>
      <subfield code="z">Brazil.</subfield>
    </datafield>
    <datafield tag="651" ind1=" " ind2="0">
      <subfield code="a">America</subfield>
      <subfield code="v">Early accounts to 1600.</subfield>
    </datafield>
    <datafield tag="651" ind1=" " ind2="0">
      <subfield code="a">America</subfield>
      <subfield code="x">Description and travel</subfield>
      <subfield code="v">Early works to 1800.</subfield>
    </datafield>
    <datafield tag="651" ind1=" " ind2="0">
      <subfield code="a">Brazil</subfield>
      <subfield code="x">Description and travel</subfield>
      <subfield code="v">Early works to 1800.</subfield>
    </datafield>
    <datafield tag="650" ind1=" " ind2="0">
      <subfield code="a">Tupinamba Indians</subfield>
      <subfield code="v">Early works to 1800.</subfield>
    </datafield>
    <datafield tag="650" ind1=" " ind2="0">
      <subfield code="a">Indians of South America</subfield>
      <subfield code="z">Brazil</subfield>
      <subfield code="v">Early works to 1800.</subfield>
    </datafield>
    <datafield tag="651" ind1=" " ind2="0">
      <subfield code="a">America</subfield>
      <subfield code="x">Discovery and exploration</subfield>
      <subfield code="x">French</subfield>
      <subfield code="v">Early works to 1800.</subfield>
    </datafield>
    <datafield tag="651" ind1=" " ind2="0">
      <subfield code="a">Brazil</subfield>
      <subfield code="x">History</subfield>
      <subfield code="y">French colony, 1555-1567.</subfield>
    </datafield>
    <datafield tag="651" ind1=" " ind2="6">
      <subfield code="a">Amérique</subfield>
      <subfield code="v">Récits avant 1600.</subfield>
    </datafield>
    <datafield tag="651" ind1=" " ind2="6">
      <subfield code="a">Amérique</subfield>
      <subfield code="x">Descriptions et voyages</subfield>
      <subfield code="v">Ouvrages avant 1800.</subfield>
    </datafield>
    <datafield tag="651" ind1=" " ind2="6">
      <subfield code="a">Brésil</subfield>
      <subfield code="x">Descriptions et voyages</subfield>
      <subfield code="v">Ouvrages avant 1800.</subfield>
    </datafield>
    <datafield tag="651" ind1=" " ind2="6">
      <subfield code="a">Brésil</subfield>
      <subfield code="x">Histoire</subfield>
      <subfield code="y">1555-1567 (Colonie française)</subfield>
    </datafield>
    <datafield tag="650" ind1=" " ind2="6">
      <subfield code="a">Peuples autochtones</subfield>
      <subfield code="z">Brésil</subfield>
      <subfield code="v">Ouvrages avant 1800.</subfield>
    </datafield>
    <datafield tag="600" ind1="1" ind2="7">
      <subfield code="a">Thevet, André,</subfield>
      <subfield code="d">1502-1590</subfield>
      <subfield code="2">fast</subfield>
      <subfield code="1">https://id.oclc.org/worldcat/entity/E39PBJbM47cJCDk94gHgjTkRrq</subfield>
    </datafield>
    <datafield tag="650" ind1=" " ind2="7">
      <subfield code="a">Tupinamba Indians</subfield>
      <subfield code="2">fast</subfield>
    </datafield>
    <datafield tag="650" ind1=" " ind2="7">
      <subfield code="a">Indians of South America</subfield>
      <subfield code="2">fast</subfield>
    </datafield>
    <datafield tag="650" ind1=" " ind2="7">
      <subfield code="a">Discoveries in geography</subfield>
      <subfield code="x">French</subfield>
      <subfield code="2">fast</subfield>
    </datafield>
    <datafield tag="650" ind1=" " ind2="7">
      <subfield code="a">Travel</subfield>
      <subfield code="2">fast</subfield>
    </datafield>
    <datafield tag="651" ind1=" " ind2="7">
      <subfield code="a">America</subfield>
      <subfield code="2">fast</subfield>
    </datafield>
    <datafield tag="651" ind1=" " ind2="7">
      <subfield code="a">Brazil</subfield>
      <subfield code="2">fast</subfield>
      <subfield code="1">https://id.oclc.org/worldcat/entity/E39QbtfRB9KGtqfkFTFbfB77QY</subfield>
    </datafield>
    <datafield tag="648" ind1=" " ind2="7">
      <subfield code="a">1555-1567</subfield>
      <subfield code="2">fast</subfield>
    </datafield>
    <datafield tag="655" ind1=" " ind2="7">
      <subfield code="a">History</subfield>
      <subfield code="2">fast</subfield>
    </datafield>
    <datafield tag="655" ind1=" " ind2="7">
      <subfield code="a">Early works</subfield>
      <subfield code="2">fast</subfield>
    </datafield>
    <datafield tag="700" ind1="0" ind2=" ">
      <subfield code="a">Henry</subfield>
      <subfield code="b">III,</subfield>
      <subfield code="c">King of France,</subfield>
      <subfield code="d">1551-1589,</subfield>
      <subfield code="e">censor.</subfield>
      <subfield code="4">cns</subfield>
      <subfield code="1">https://id.oclc.org/worldcat/entity/E39PBJrKPpRV4DyWvcMMGPR3Qq</subfield>
    </datafield>
    <datafield tag="700" ind1="1" ind2=" ">
      <subfield code="a">Dorat, Jean,</subfield>
      <subfield code="d">1508-1588,</subfield>
      <subfield code="e">contributor.</subfield>
      <subfield code="4">ctb</subfield>
      <subfield code="1">https://id.oclc.org/worldcat/entity/E39PBJrgDJk6kdcF998pCyBVmd</subfield>
    </datafield>
    <datafield tag="700" ind1="1" ind2=" ">
      <subfield code="a">Jodelle, Etienne,</subfield>
      <subfield code="d">1532-1573,</subfield>
      <subfield code="e">contributor.</subfield>
      <subfield code="4">ctb</subfield>
      <subfield code="1">https://id.oclc.org/worldcat/entity/E39PBJvhkx8t4t9YDVMmYQPWjC</subfield>
    </datafield>
    <datafield tag="710" ind1="2" ind2=" ">
      <subfield code="a">Maurice de La Porte héritiers,</subfield>
      <subfield code="e">printer.</subfield>
      <subfield code="4">prt</subfield>
      <subfield code="1">https://id.oclc.org/worldcat/entity/E39QH7Jmqf9fPb97GWfwxQx3p6</subfield>
    </datafield>
    <datafield tag="752" ind1=" " ind2=" ">
      <subfield code="a">France</subfield>
      <subfield code="d">Paris,</subfield>
      <subfield code="e">publication place.</subfield>
      <subfield code="4">pup</subfield>
    </datafield>
  </record>